000 00423nam a22001697a 4500
003 CEME
005 20210628203946.0
008 210309b xxu||||| |||| 00| 0 eng d
020 _a0-08-034718-5
040 _c.
082 _a620.11803 CON'K
100 _aKelly, Anthony
_968017
245 _aConcise encyclopedia of composite materials
260 _aOXFORD
_bPERGMAN
_c1989
300 _aXXIX, 317P
942 _cBK
_2ddc
999 _c575680
_d575680